| 000 | 00383nam a2200169Ia 4500 | ||
|---|---|---|---|
| 003 | 0100 | ||
| 008 | 130303s9999 xx 000 0 und d | ||
| 040 | _cARRUPELIB | ||
| 050 | _aBS1197.M181968 | ||
| 100 | _aMcCarthy, Dennis J | ||
| 245 | _aKings and Prophets | ||
| 260 | _aMilwaukee | ||
| 260 | _bThe Bruce Publishing Company | ||
| 260 | _C1968 | ||
| 300 | _a203p | ||
| 942 | 0 | 0 | _01 |
| 999 |
_c35864 _d35864 |
||